Paroles-Paloma love, l'artere - Statistiques

Statistiques générales
  • Ce quiz a été pris 15 fois
  • Le résultat moyen est 196 sur 296
Statistiques - réponses
Réponse % Correct
à
100%
au
100%
Je
100%
je
100%
le
100%
Le
100%
love,
100%
ma
100%
que
100%
Que
100%
qui
100%
un
100%
une
100%
(c'est
86%
C'est
86%
c'est
86%
dans
86%
de
86%
doigts
86%
en
86%
est
86%
86%
la
86%
l'artère
86%
L'eau
86%
même
86%
mon
86%
pour
86%
quand
86%
se
86%
Ta
86%
te
86%
tes
86%
(tu
86%
tu
86%
vie,
86%
vie
86%
bat
71%
bien
71%
ça
71%
coeur,
71%
coeur
71%
comme
71%
droit
71%
Et
71%
fait
71%
fois
71%
il
71%
jour
71%
larme,
71%
larme
71%
lit
71%
mal ?
71%
mes
71%
moi
71%
pas
71%
petit
71%
prends,
71%
prends
71%
puis
71%
Rouge
71%
sang
71%
sang,
71%
si
71%
sur
71%
Ton
71%
ton
71%
veine
71%
banquise
57%
bout
57%
cavité
57%
chaud
57%
coule
57%
danger
57%
engorgée
57%
Flamboie
57%
froid
57%
j'ai
57%
J'ai
57%
j'y
57%
Mais
57%
mais
57%
ne
57%
okay)
57%
peine
57%
retourne
57%
sous
57%
toi
57%
vive
57%
atours
43%
bise
43%
bleu
43%
bois
43%
brûlante
43%
crier
43%
devrais
43%
eau
43%
écarlate
43%
émoi,
43%
flux
43%
fond
43%
jusqu'au
43%
l'âme
43%
l'autre
43%
l'onde
43%
louve
43%
Perfide
43%
raide
43%
Abonde
29%
alité
29%
braises,
29%
cardio
29%
côté
29%
courant
29%
d'air
29%
défibrille
29%
(désarticulé)
29%
drame
29%
fracassé)
29%
Gisant
29%
intersidérale
29%
Lethé
29%
lèvres,
29%
m'écoeure
29%
mesure
29%
oui
29%
Oui
29%
PTSD
29%
réa,
29%
remue
29%
roi
29%
Ruby,
29%
Sèche
29%
sein
29%
souffle
29%
style
29%
Tachycardie
29%
taise
29%
valve
29%
vérité
29%
Béta-
14%
bloqu'entrelac
14%
brisé
14%
Gonfle
14%
Hurting
14%
j'aime
14%
l'as
14%
l'entrave
14%
occis
14%
Palpitant,
14%
Pulse
14%
styx
14%
Aucun quiz correspondant
Distribution des résultats
% des personnes avec chaque résultat
Percentile par nombre de réponses
Votre historique - résultats
Vous n’avez pas pris ce quiz